| 000 | 00961nam a2200349Ia 4500 | ||
|---|---|---|---|
| 003 | OSt | ||
| 005 | 20220912144638.0 | ||
| 006 | a|||||r|||| 00| 0 | ||
| 007 | ta | ||
| 008 | 220909b |||||||| |||| 00| 0 eng d | ||
| 020 | _a9781461481447 (pbk) | ||
| 020 | _aSL01562200 | ||
| 024 | _a191033 | ||
| 037 | _b121, 04/09/2014, Vardhman Books | ||
| 037 | _cTextual | ||
| 040 |
_aCSL _beng _cCSL |
||
| 041 | _aeng | ||
| 082 | _aB0aX, Q3 | ||
| 100 | _aDhrymes Phoebus J | ||
| 245 | 0 | _aMathematics for econometrics | |
| 250 | _a4 | ||
| 260 |
_aNew York _bSpringer _c2013 |
||
| 300 | _axvii, 419p. | ||
| 500 | _aBibliography 411-412p.; Index 413-419p. | ||
| 650 | _a Data models | ||
| 650 | _a Matrix algebra | ||
| 650 | _a Vector spaces | ||
| 650 | _aOperational Research | ||
| 700 | _aDhrymes Phoebus J | ||
| 942 |
_hB0aX, Q3 _cTEXL _2CC |
||
| 999 |
_c14591 _d14591 |
||